000
00296nam a22001217a 4500
082
_a
823
_b
ABC/G
100
_a
ABC PUBLISHERS
245
_a
GOOD NIGHT FAIRY STORIES
246
_a
GOOD NIGHT FAIRY STORIES
_b
GOOD NIGHT FAIRY STORIES
520
_a
FAIRY TALES
650
_a
FAIRY STORIES
942
_c
BK
999
_c
8377
_d
8377